DESIGNING PARTICIPATORY-ON FARM EXPERIMENTS RESOURCES FOR TRAINERS (Record no. 201512)
[ view plain ]
| 000 -LEADER | |
|---|---|
| fixed length control field | 00458nam a2200169Ia 4500 |
| 003 - CONTROL NUMBER IDENTIFIER | |
| control field | OSt |
| 005 - DATE AND TIME OF LATEST TRANSACTION | |
| control field | 20260224125509.0 |
| 020 ## - INTERNATIONAL STANDARD BOOK NUMBER | |
| International Standard Book Number | 92-9059-152-8 |
| 040 ## - CATALOGING SOURCE | |
| Transcribing agency | LC |
| 050 ## - LIBRARY OF CONGRESS CALL NUMBER | |
| Classification number | S 534 .D 47 2003 |
| 100 ## - MAIN ENTRY--PERSONAL NAME | |
| Personal name | COE,RICHARD |
| 245 #0 - TITLE STATEMENT | |
| Title | DESIGNING PARTICIPATORY-ON FARM EXPERIMENTS RESOURCES FOR TRAINERS |
| 260 ## - PUBLICATION, DISTRIBUTION, ETC. | |
| Place of publication, distribution, etc. | NAIROBI, |
| Name of publisher, distributor, etc. | WORLD AGROFORESTRY CENTRE, |
| Date of publication, distribution, etc. | 2003, |
| 300 ## - PHYSICAL DESCRIPTION | |
| Extent | 135 P, ILL |
| 700 ## - ADDED ENTRY--PERSONAL NAME | |
| Personal name | FRANZEL STEVEN STEVEN, BENIEST JAN |
| 942 ## - ADDED ENTRY ELEMENTS (KOHA) | |
| Koha item type | Long Loan Book |
| Source of classification or shelving scheme | Library of Congress Classification |
| Withdrawn status | Lost status | Source of classification or shelving scheme | Damaged status | Not for loan | Collection | Home library | Current library | Shelving location | Date acquired | Inventory number | Total checkouts | Full call number | Barcode | Date last seen | Copy number | Price effective from | Koha item type |
|---|---|---|---|---|---|---|---|---|---|---|---|---|---|---|---|---|---|
| Library of Congress Classification | Science & Technology | Kisii University Library | Kisii University Library | On Display | 09/15/2023 | 27147 | S 534 .D47 2003 | 000000020166 | 09/15/2023 | 1 | 09/15/2023 | Long Loan Book | |||||
| Library of Congress Classification | Science & Technology | Kisii University Library | Kisii University Library | On Display | 09/15/2023 | 27148 | S 534 .D47 2003 | 036810 | 09/15/2023 | 2 | 09/15/2023 | Long Loan Book | |||||
| Library of Congress Classification | Science & Technology | Kisii University Library | Kisii University Library | On Display | 09/15/2023 | 27150 | S 534 .D47 2003 | 036245 | 09/15/2023 | 4 | 09/15/2023 | Long Loan Book | |||||
| Library of Congress Classification | Science & Technology | Kisii University Library | Kisii University Library | On Display | 08/22/2024 | 27149 | S 534 .D47 2003 | 036246 | 08/22/2024 | 3 | 08/22/2024 | Long Loan Book |